000 00360nam a2200145Ia 4500
008 231217s9999 xx 000 0 und d
041 _aEnglish
082 _a658.4092 SAR
100 _aSaraf, V K
245 0 _aHow to become a good leader: Pathways to perfection
260 _bUBSPD, N.Delhi
300 _axvi+229
650 _aLeadership
942 _cAA
999 _c165764
_d165764